| 000 | 00558nam a2200181Ia 4500 | ||
|---|---|---|---|
| 003 | GCL | ||
| 008 | 140319s9999 xx 000 0 ara d | ||
| 040 |
_aGCL / _cGCL |
||
| 082 | 0 | 4 |
_a230 _bم ك |
| 100 | 1 | _aمحمد عبدالرحمن بن ابى حاتم ال | |
| 245 | 1 | 0 |
_aكتاب الجرح والتعديل / _cمحمد عبدالرحمن بن ابى حاتم ال |
| 250 | _aالاولى | ||
| 260 |
_aالقاهرة : _bدار الكتب المصرية |
||
| 490 | _a | ||
| 650 | 0 | 4 | _aالحديث |
| 650 | 0 | 4 | _aالاحكام |
| 942 |
_2ddc _cBK |
||
| 999 |
_c46238 _d46238 |
||